| 000 | 00718nam a2200217 a 4500 | ||
|---|---|---|---|
| 003 | PILC | ||
| 005 | 20160215071024.0 | ||
| 008 | 091110s19uu xx 00 eng d | ||
| 020 | _a9781606232996 | ||
| 050 |
_aBF 637.I5 _b.R67 2009 |
||
| 100 | _aRosengren, David B. | ||
| 245 |
_aBuilding motivational interviewing skills : _ba practioner workbook / _cDavid B. Rosengren. |
||
| 260 |
_aNew York : _bThe Guildford Press, _c2009. |
||
| 300 |
_a335 pages : _c26 cm. _billustrations ; |
||
| 500 | _aIncludes appendices, bibliographical references and index. | ||
| 650 | _aMotivational interviewing. | ||
| 650 | _aCounseling. | ||
| 650 | _aInterviewing in mental health. | ||
| 942 |
_cBK _2lcc _kFOR |
||
| 999 |
_c23669 _d23669 |
||